00806 2200229 4500001002100000005001700021008004100038035002500079040001200104082001400116084001900130100002000149245017800169260007400347300003000421500003200451504002500483650002300508700001500531850001200546990001800558INLIS00000000001019320150814051614.0  a0010-081500000001631 aYOPDYOG 223a362.7 aSK 362.7 Per P aPERMENAS Kogoya aPeranan pekerja sosial dalam pembinaan anak jalanan di rumah singgah anak mandirib( studi deskriptif kualitatif di rumah singgah anak mandiri Yogyakarta)c/ Permenas Kogoya aYogyakartabSekolah Tinggi Pembangunan Masyarakat Desa ""APMD""c2005 axi, 74 lembar. ; 29,5 cm. aSkripsi Prodi Ilmu Sosiatri aBibliografi: hlm. 74 aKesejahteraan Anak aRY Gatot R aYOPDYOG a48225-PD/A.15